| 000 | 00948cad a22002055a 4500 | ||
|---|---|---|---|
| 001 | L149931 | ||
| 008 | 100518e2010 xxk 000 0 eng d | ||
| 035 | _a(Sirsi) u149931 | ||
| 041 | 0 | _aeng | |
| 245 | 0 | 0 | _aUK Housing Alliance (North West) Ltd v Francis |
| 260 | _c2010 | ||
| 520 | _a[2010] EWCA Civ 117, 24 February 2010. Concerned with liability for purchase price under an agreement for the sale and leaseback of residential property in the context of possession proceedings. "Held" appeal dismissed. | ||
| 590 | _aKA | ||
| 650 | 2 | 4 | _aUK HOUSING ALLIANCE (NORTH WEST) LTD V FRANCIS |
| 650 | 2 | 4 | _aHOUSING ACT 2004 PART VI CHAPTER 4 |
| 651 | 4 |
_aEngland and Wales _y1543- |
|
| 690 | _aPROPERTY-RESIDENTIAL PROPERTY-RESIDENTIAL LANDLORD AND TENANT-RESIDENTIAL TENANCIES-FORFEITURE OF RESIDENTIAL TENANCIES | ||
| 856 | 4 | 8 |
_uhttps://www.bailii.org/ew/cases/EWCA/Civ/2010/117.html _zView this item free of charge at www.bailii.org |
| 942 | _n0 | ||
| 999 |
_c82336 _d82336 |
||